=LDR 00000nam 2200000 4500 =001 INLIS000000000014254 =005 20130612105531 =008 ***********************************Ind, Ing. Bhs.Lain-lain** =035 ##$$0010-061300000014254 =041 ##$$a Ind, Ing. Bhs.Lain-lain =082 ##$$a R.413 =090 ##$$a R.413, Ral k =100 ##$$a Raliby, Osman =245 ##$$a Kamus internasional, Osman Raliby =260 ##$$a 1982 $b Jakarta =300 ##$$a vii, 565 hlm, 21 cm =650 ##$$a Multi bahasa - Kamus =850 ##$$a NBPNMAT